Представление документа в формате RUSMARC

ПолеНазваниеЗначение
  Тип записи a
  Библиографический уровень a
001 Контрольный номер RU/IS/BASE/422971463
005 Дата корректировки 20240207192854.7
100 Данные общей обработки __
a Данные общей обработки 20130527d2013 ||| 0rusy0189 ca
101 Язык документа 0_
a Язык текста rus
102 Страна публикации __
a Страна публикации RU
105 Кодированные данные (монография) __
a Кодированные данные (монография) y###||||000|y
200 Заглавие и сведения об ответственности 1_
a Заглавие Развитие частного коллекционирования произведений искусства в России (конец ХХ - начало ХХI века)
b Общее обозначение материала Текст
e Сведения, относящиеся к заглавию [формирование главных коллекций страны, скрытые коллекции, антикварный рынок]
f Первые сведения об ответственности И. В. Пуликова
461 Уровень набора _0
1 2001
a Справочник руководителя учреждения культуры
463 Уровень физической единицы _0
1 2001
a № 5
v С. 65-74
1 210
d 2013
606 Тематические рубрики 0_
a Основная рубрика Коллекции. Коллекционирование
610 Ключевые слова 0_
a Ключевые слова коллекции
610 Ключевые слова 0_
a Ключевые слова коллекционирование
610 Ключевые слова 0_
a Ключевые слова история коллекционирования
610 Ключевые слова 0_
a Ключевые слова развитие коллекционирования
610 Ключевые слова 0_
a Ключевые слова коллекционеры
610 Ключевые слова 0_
a Ключевые слова частное коллекционирование
610 Ключевые слова 0_
a Ключевые слова антиквариат
610 Ключевые слова 0_
a Ключевые слова антикварный рынок
686 Индексы других классификаций __
a Классификационный индекс 79.18
2 Код системы rubbk
700 Автор _1
a Фамилия Пуликова
b Имя (инициалы) И. В.
801 Источник записи _0
a Страна RU
b Организация Ульяновская ОБДЮ
c Дата составления 20130527
g Правила каталогизации RCR
801 Источник записи _1
a Страна RU
b Организация Ульяновская ОБДЮ
c Дата составления 20130527
g Правила каталогизации RCR
901 Тип документа __
t Тип документа b
910 Корректоры записи __
a Корректор записи Бобылёва И.В.
919 __
a Бобылёва И.В.
938 Служебная информация __
a Имя БД BibStat
b Имя библиотеки ОБДЮ